[Event "BL2-Sued 0607"]
[Site "Germany"]
[Date "2006.11.19"]
[Round "3.7"]
[White "Kolbus, Dietmar"]
[Black "Kluss, Kai"]
[Result "1-0"]
[WhiteElo "2395"]
[BlackElo "2215"]
[PlyCount "151"]
[EventDate "2006.10.15"]
[EventType "team-tourn"]
[EventRounds "9"]
[EventCountry "GER"]
[SourceTitle "EXT 2008"]
[Source "ChessBase"]
[SourceDate "2007.11.25"]
[SourceVersion "1"]
[SourceVersionDate "2007.11.25"]
[SourceQuality "1"]
[WhiteTeam "Trier"]
[BlackTeam "Bad Mergentheim"]
[WhiteTeamCountry "GER"]
[BlackTeamCountry "GER"]

1. c4 Nf6 2. Nc3 e6 3. Nf3 c5 4. g3 b6 5. Bg2 Bb7 6. 0-0 Be7 7. Re1 0-0 8. e4 d6 9. d4 Nc6 10. d5 exd5 11. exd5 Na5 12. b3 Bc8 13. h3 a6 14. Bd2 Rb8 15. a4 Re8 16. Ng5 Bf5 17. Nge4 Qd7 18. Kh2 Nxe4 19. Nxe4 Bxe4 20. Bxe4 Bf6 21. Rb1 Bd4 22. Kg2 g6 23. Qc2 Qd8 24. Qd3 Qf6 25. f4 h5 26. Bf3 Kg7 27. Re4 Rxe4 28. Bxe4 Re8 29. Re1 Bb2 30. Bf3 Rxe1 31. Bxe1 Qd4 32. Qxd4+ Bxd4 33. Bd1 Kf6 34. g4 hxg4 35. hxg4 Ke7 36. Bh4+ Bf6 37. Be1 Bd4 38. Bc2 Bf6 39. Kf3 Kd7 40. g5 Bd4 41. Kg4 Ke7 42. f5 gxf5+ 43. Kxf5 Be5 44. Bh4 Kd7 45. Bd1 Ke8 46. Kg4 Nb7 47. Kh5 Bf4 48. Be1 Be5 49. Bg4 Na5 50. Bd1 Nb7 51. Bd2 Kf8 52. Kh6 Bg7+ 53. Kh7 Be5 54. Bc2 Na5 55. Be1 Nb7 56. Bh4 Bf4 57. Bf5 Na5 58. Bc2 Nb7 59. Bd1 Bd2 60. Bg4 Na5 61. Bc8 Bf4 62. Bxa6 Nxb3 63. g6 fxg6 64. Kxg6 Bd2 65. Kf6 Ke8 66. Bb5+ Kd8 67. Kf7+ Kc8 68. Ke8 Nd4 69. Ba6+ Kb8 70. Kd7 Bf4 71. Bd8 Ka7 72. Bb5 Kb7 73. Bf6 Bg3 74. Kd8 Bf4 75. Bd7 Bg3 76. Bc8+ 1-0

[Event "BL2-Sued 0506"]
[Site "Germany"]
[Date "2005.12.11"]
[Round "4.8"]
[White "Kluss, Kai"]
[Black "Heinl, Thomas"]
[Result "1-0"]
[WhiteElo "2192"]
[BlackElo "2248"]
[PlyCount "91"]
[EventDate "2005.10.23"]
[EventType "team-tourn"]
[EventRounds "9"]
[EventCountry "GER"]
[SourceTitle "EXT 2007"]
[Source "ChessBase"]
[SourceDate "2006.11.23"]
[SourceVersion "1"]
[SourceVersionDate "2006.11.23"]
[SourceQuality "1"]
[WhiteTeam "Bad Mergentheim"]
[BlackTeam "Boeblingen"]
[WhiteTeamCountry "GER"]
[BlackTeamCountry "GER"]

1. d4 Nf6 2. c4 g6 3. Nc3 Bg7 4. e4 d6 5. f4 0-0 6. Nf3 Na6 7. Bd3 Bg4 8. Be3 Nd7 9. 0-0 e5 10. fxe5 c5 11. h3 cxd4 12. Bxd4 dxe5 13. Be3 Ndc5 14. Bc2 Bxf3 15. Qxf3 Ne6 16. Rad1 Nd4 17. Qf2 Rc8 18. b3 Nc7 19. Bd3 a6 20. c5 Qe7 21. b4 Qe6 22. Na4 Rcd8 23. Nb6 Qc6 24. Qh4 Nce6 25. Nd5 Rxd5 26. exd5 Qxd5 27. Bxd4 Nxd4 28. Qe4 Qd7 29. Bc4 Kh8 30. Qd5 Qc8 31. Rxf7 Rd8 32. Qxb7 Qxb7 33. Rxb7 Nf3+ 34. Kf2 Nd4 35. c6 Rf8+ 36. Rf7 Nxc6 37. Rxf8+ Bxf8 38. a3 a5 39. b5 Nd4 40. a4 Bc5 41. Kf1 e4 42. Rc1 e3 43. Bd3 Bb6 44. Rc8+ Kg7 45. Rb8 Bc5 46. b6 1-0